000 00610nam a22002057a 4500
003 OSt
008 240115b |||||||| |||| 00| 0 eng d
020 _a9780865714212
082 _a363.738747
_bDAU-S
100 _aDauncey, Guy
245 _aStormy weather :
_b101 solutions to global climate change /
_cGuy Dauncey and Patrick Mazza.
260 _aCanada :
_bNew Society Publishers ,
_c2001.
300 _axiv, 271 p. ;
650 _aClimatic changes
650 _aGlobal warming
650 _aGreenhouse gas mitigation
650 _aPollution prevention
700 _aMazza, Patrick
942 _2ddc
_cBK
999 _c20044
_d20044